000 00999nam a2200217Ia 4500
003 Ost
005 20260507075353.0
008 260507s9999||||xx |||||||||||||| ||und||
020 _a60047339779
040 _cfsecg
041 _aara
082 _a330
100 _aيوسف، يوسف حسن
_eمؤلف
245 0 _aالبنوك المركزية ودورها في اقتصاديات الدول /
_c يوسف حسن يوسف
260 _aالإسكندرية:
_bدار التعليم الجامعي,
_c2014
300 _a332 صفحة؛
_bإيضاحات ؛
_c24 سم
520 _aالتعريف بالبنوك المركزية وعلاقتها بالحكومة- البنوك المركزية- العلاقة المالية بين البنك المركزي والحكومة- استقلالية البنك المركزي وانعكاساتها على الإقتراض الحكومي
653 _aالإقتصاد الدولي
653 _aالبنوك المركزية
942 _cكتاب
999 _c44167
_d44167